Máquinas extraordinarias : motocicletas /

Programa en que se abordan los diversos tipos de carreras de motocicletas que exiten: desde el Gran Premio, pasando por las de autopistas, las de hielo, ascenso de montaña o competencias de aceleración.

Guardado en:
Bibliografiske detaljer
Hovedforfatter: Marsh, Stephen (autor)
Andre forfattere: Marsh, Stephen (guión) (guión), Taylor, John (guión) (guión), Sutclifte, Chris (fotógrafo) (fotógrafo), Molesworth, Mark (fotógrafo) (fotógrafo), Nichols, Justin (música) (música)
Format: Slide
Sprog:spansk
Fag:
Tags: Tilføj Tag
Ingen Tags, Vær først til at tagge denne postø!

MARC

LEADER 00000ngm^a2200000^a^4500
001 000114109
005 20250521000000.0
009 20260310094007.461
037 |a Acervo ITESO - Biblioteca 
041 |a ESP 
082 |a 388.  |b MAQ V. 2 
100 |a Marsh, Stephen  |e (autor) 
240 1 1 |a [Máquinas extraordinarias] 
245 1 0 |a Máquinas extraordinarias :  |b motocicletas /  |c S. Marsh. 
264 |a EUA :  |b Pionner Productions :  |b Discovery Channel ;  |a México :  |b Videovisa [dist.],  |c 1999 
300 |a 1 videocasete VHS  |c (51 min.) 
336 |a imagen móvil bidimensional  |b tdi  |2 rdacontenido 
337 |a video  |b v  |2 rdamedio 
338 |a videocasete  |b vf  |2 rdasoporte 
500 |a Traducción de: Extreme Machines: Motorcycle Mania 
520 |a Programa en que se abordan los diversos tipos de carreras de motocicletas que exiten: desde el Gran Premio, pasando por las de autopistas, las de hielo, ascenso de montaña o competencias de aceleración. 
546 |a Doblaje al español 
649 |a XX 
650 |a Motocicletas 
650 |a Sistema de Transporte 
650 |a Prácticas Culturales 
650 |a Deportes -  |x Aspectos Sociales y Culturales 
650 |a Comunicaciones y Tránsito 
700 |a Marsh, Stephen  |e (guión) 
700 |a Taylor, John  |e (guión) 
700 |a Sutclifte, Chris  |e (fotógrafo) 
700 |a Molesworth, Mark  |e (fotógrafo) 
700 |a Nichols, Justin  |e (música) 
910 |a Fondo General 
920 |a Audiovisuales - Videocasetes 
905 |a 301 
901 |a 0500048987  |b IT2  |c VIS  |u 20250521 
902 |a https://opac.biblio.iteso.mx/vufind/Record/000114109